书目信息 |
| 题名: |
新大纲大学英语词汇考典
|
|
| 作者: | 吴玮翔 主编 ;李敏 , 陆芸 编写 | |
| 分册: | 4级篇 | |
| 出版信息: | 南京 东南大学出版社 2003 |
|
| 页数: | 554页 | |
| 开本: | 19cm | |
| 丛书名: | 大学英语第二课堂系列丛书 | |
| 单 册: | ||
| 中图分类: | H313 | |
| 科图分类: | ||
| 主题词: | 英语--词汇--高等学校--水平考试--教学参考资料 , 英语 , 词汇 | |
| 电子资源: | ||
| ISBN: | 7-81089-304-1 | |
| 000 | 00844oam2 2200277 45 | |
| 001 | 012003509200 | |
| 005 | 20041102103933.91 | |
| 010 | @a7-81089-304-1@dCNY 18.00 | |
| 100 | @a20031223d2003 em y0chiy0120 ea | |
| 101 | 0 | @achi@aeng |
| 102 | @aCN@b320000 | |
| 105 | @ay z 000yy | |
| 200 | 1 | @a新大纲大学英语词汇考典@Axin da gang da xue ying yu ci hui kao dian@i4级篇@f吴玮翔主编@g李敏, 陆芸编写 |
| 210 | @a南京@c东南大学出版社@d2003 | |
| 215 | @a554页@d19cm | |
| 225 | 2 | @a大学英语第二课堂系列丛书 |
| 461 | 0 | @12001 @a大学英语第二课堂系列丛书 |
| 606 | 0 | @a英语@x词汇@x高等学校@x水平考试@j教学参考资料 |
| 606 | 0 | @a英语 |
| 606 | 0 | @a词汇 |
| 690 | @aH313@v4 | |
| 701 | 0 | @a吴玮翔@Awu wei xiang@4主编 |
| 702 | 0 | @a李敏@Ali min@4编写 |
| 702 | 0 | @a陆芸@Alu yun@4编写 |
| 801 | 0 | @aCN@bCEPC@c20041102 |
| 905 | @a10447@dH313@eW880 | |
| 新大纲大学英语词汇考典.4级篇/吴玮翔主编/李敏, 陆芸编写.-南京:东南大学出版社,2003 |
| 554页;19cm.-(大学英语第二课堂系列丛书) |
| ISBN 7-81089-304-1:CNY 18.00 |
| ● |
| 相关链接 |
|
|
|
正题名:新大纲大学英语词汇考典
索取号:H313/W880
 
预约/预借
| 序号 | 登录号 | 条形码 | 馆藏地/架位号 | 状态 | 备注 |
| 1 | 424698 | 204246985 | 语言库209/209语言库 104排4列1层/ [索取号:H313/W880] | 在馆 | |
| 2 | 424699 | 204246994 | 语言库209/209语言库 104排4列1层/ [索取号:H313/W880] | 在馆 | |
| 3 | 424700 | 204247001 | 语言库209/209语言库 104排4列1层/ [索取号:H313/W880] | 在馆 |